000 00992nam a2200205Ia 4500
008 0000001996 sp a 0000000000spa00
020 _a8476713258
090 _aPSP00 P27t1
100 1 _aPérez Rubio, Timoteo
_d1896
245 1 0 _aTimoteo Pérez Rubio 1896-1977
_c/ coordinación Obdulia Vélez Izquierdo, Miguel Pedrazo Polo ; comisario Antonio Franco Domínguez
300 _a208 p.
_c/ 30 cm.
500 _aTexto bilingue: español portugués \ Con el patronazgo del maestro venezolano Jesús Rafael Soto (q.e.p.d.)
600 0 0 _aPEREZ RUBIO, TIMOTEO, 18961977/
_xTRABAJOS PICTORICOS \ PEREZ RUBIO, TIMOTEO, 18961977 /
_xENSAYOS, CONFERENCIAS, ETC.
650 1 4 _aARTE CONTEMPORANEO ESPAÑOL
650 1 4 _xCATALOGOS
650 1 4 _aPINTORES ESPAÑOLES
650 1 4 _aPINTURA ESPAÑOLA
700 1 _aVélez Izquierdo, Obdulia \ Pedrazo Polo, Miguel \ Franco Domínguez, Antonio
999 _c2159
_d2159
260 _aBadajoz : Museo Extremeño e Iberoamericano de Arte Contemporáneo
_c1996